LDR 01122nam a2200265 i 4500 001 000000251431 003 CaOOAMICUS 005 20260421124219.0 008 161111s1990 it u000 u eng u 013 $a230336 020 $a9780711924420 040 $aSeMil$bita 100 1 $aDesprès, Josquin,$d <1440ca-1521>.$0(OLS)http://semarc/name/83575 245 10$aMissa pange lingua :$bfor four voices /$cby Josquin Des Prez ; edited and arranged for modern use by Nigel Davison. 260 $aLondon :$bChester Music,$c1990. 300 $a1 partitura (40 p.) ;$c28 cm. 500 $aIn copertina: Latin Church Music of the Polyphonic Schools. 700 1 $aDavison, Nigel.$0(OLS)http://semarc/name/83576 850 $aSeMil 852 $aSeMil$W1$xVenegono$y1$m5D XII 11/6$j201777$B201777$CSeMilBibl$Z2$F214077 $81 961 $aOmaggio: Colombo don Alberto 996 $6020$a9780711924420$9(OLS)http://semarc/number/262325 996 $6245$aMissa pange lingua :$bfor four voices$9(OLS)http://semarc/title/353662 996 $6260$aLondon :$bChester Music$9(OLS)http://semarc/publisher/47643